00354 a2200109 4500001001000000005001700010008004100027245006700068100001700135773007500152999001700227ART_1352420260410161910.0260409a 10aAlgunos aspectos teóricos sobre la distriución del ingreso1 aLustig, Nora0 tDemografía y economíag- Vol. X, Nº 30 (sep./dic. 1976)wREV13200 c26714d26714